Elenca la formazione - Quiz n°252 - Statistics

Statistiche generali
  • Questo quiz è stato fatto 20 volte
  • Il punteggio medio è 4 su 11
Statistiche sulle risposte
Ruolo Club dell'epoca Calciatore % Corretto
Attaccante Paris Saint-Germain Edinson Cavani
94%
Portiere Galatasaray Fernando Muslera
88%
Difensore Atletico Madrid José María Giménez
75%
Difensore Atletico Madrid Diego Godín
69%
Difensore Benficab Maximiliano Pereira
25%
Centrocampista Atletico Madrid Cristian Rodríguez
19%
Centrocampista Tigres UANL Egidio Arévalo Ríos
19%
Difensore Nacional Jorge Fucile
13%
Centrocampista Torino Álvaro González
6%
Attaccante Bordeaux Diego Rolán
6%
Centrocampista River Plate Carlos Sánchez
0%
Nessun quiz corrispondente trovato
Distribuzione punteggi
Percentuale di utenti per punteggio
Percentile per numero di risposta
I tuoi punteggi nel tempo
Non hai fatto questo quiz